Antifascismo primo e secondo. (Record no. 5337)

MARC details
000 -LEADER
fixed length control field 00600cam a22002171 4500
001 - CONTROL NUMBER
control field af 48002979
003 - CONTROL NUMBER IDENTIFIER
control field DLC
005 - DATE AND TIME OF LATEST TRANSACTION
control field 20260227110859.0
008 - FIXED-LENGTH DATA ELEMENTS--GENERAL INFORMATION
fixed length control field 960911s1944 it 000 0 ita c
010 ## - LIBRARY OF CONGRESS CONTROL NUMBER
LC control number af 48002979
035 ## - SYSTEM CONTROL NUMBER
System control number (OCoLC)35515336
040 ## - CATALOGING SOURCE
Original cataloging agency Columbia Univ. Libraries
Transcribing agency NNC
Modifying agency DLC
042 ## - AUTHENTICATION CODE
Authentication code premarc
050 00 - LIBRARY OF CONGRESS CALL NUMBER
Classification number DG571
Item number .C58
100 1# - MAIN ENTRY--PERSONAL NAME
Personal name Consiglio, Alberto,
Dates associated with a name 1902-1973.
245 10 - TITLE STATEMENT
Title Antifascismo primo e secondo.
260 ## - PUBLICATION, DISTRIBUTION, ETC.
Place of publication, distribution, etc. [Roma]
Name of publisher, distributor, etc. Italia nuova
Date of publication, distribution, etc. [1944]
300 ## - PHYSICAL DESCRIPTION
Extent 78 p.
Dimensions 21 cm.
651 #0 - SUBJECT ADDED ENTRY--GEOGRAPHIC NAME
Geographic name Italy
General subdivision Politics and government
Chronological subdivision 1922-1945.
650 #0 - SUBJECT ADDED ENTRY--TOPICAL TERM
Topical term or geographic name entry element Fascism
Geographic subdivision Italy.

No items available.

Powered by Koha